Çocuklar için nutuk / (Record no. 14379)

MARC details
000 -BAŞLIK
Sabit Uzunluktaki Kontrol Alanı 00545nam a22001937a 4500
003 - KONTROL NUMARASI KİMLİĞİ
Kontrol Alanı koha_MIRAKIL
005 - EN SON İŞLEM TARİHİ ve ZAMANI
Kontrol Alanı 20250908153329.0
008 - SABİT UZUNLUKTAKİ VERİ ÖGELERİ - GENEL BİLGİ
Sabit Alan 231213b |||||||| |||| 00| 0 ||| d
020 ## - ISBN - ULUSLARARASI STANDART KİTAP NUMARASI
Isbn 9789944376860
040 ## - KATALOGLAMA KAYNAĞI
Özgün Kataloglama Kurumu TR-IsEVY
Kataloglama Dili tur
Çeviri Kurumu TR-IsEVY
082 ## - DEWEY ONU SINIFLAMA SİSTEMİ
Sınıflama Numarası 92ATA ÇAK/Ç
100 ## - KİŞİ ADI
Yazar Adı (Kişi adı) Çakmakçıoğlu, A. Adnan.
245 #0 - ESER ADI BİLDİRİMİ
Başlık Çocuklar için nutuk /
Sorumluluk Bildirimi Adnan Çakmakçıoğlu.
250 ## - BASIM BİLDİRİMİ
Basım Bildirimi 7. bs.
260 ## - YAYIN, DAĞITIM, VB.
Yayınevi BU Yayınevi,
Yayın Tarihi 2014
300 ## - FİZİKSEL TANIMLAMA
Sayfa, Cilt vb. 135 s.
650 ## - KONU BAŞLIĞI EK GİRİŞ - KONU TERİMİ
Konusal terim veya coğrafi ad Atatürk, Gazi Mustafa Kemal -- 1881-1938.
Alt başlık biçimi Nutuk.
942 ## - EK GİRİŞ ÖGELERİ (KOHA)
Source of classification or shelving scheme Dewey Decimal Classification
Koha item type Kitap
Holdings
Kayıp Durumu Sınıflandırma Kaynağı Hasarlı Durumu Koleksiyon Kodu Kalıcı Konum Mevcut Konum Kayıt Tarih Edinim Kaynağı Yer Numarası Demirbaş Numarası Son Görülme Tarihi Fatura Tarihi Materyal Türü
  Dewey Decimal Classification   İlkokul İLKOKUL KÜTÜPHANESİ İLKOKUL KÜTÜPHANESİ 23/02/2016 Satınalma 92ATA ÇAK/Ç 14977 08/09/2025 23/02/2016 Kitap